Islamic art : (Record no. 12267)
[ view plain ]
| 000 -CABECERA | |
|---|---|
| campo de control de longitud fija | 00900nam a22002537a 4500 |
| 003 - IDENTIFICADOR DEL NÚMERO DE CONTROL | |
| campo de control | OSt |
| 005 - FECHA Y HORA DE LA ÚLTIMA TRANSACCIÓN | |
| campo de control | 20260530113915.0 |
| 008 - DATOS DE LONGITUD FIJA--INFORMACIÓN GENERAL | |
| campo de control de longitud fija | 260508b19992000na ||||| |||| 00| 0 eng d |
| 040 ## - FUENTE DE LA CATALOGACIÓN | |
| Centro catalogador/agencia de origen | ICI |
| Lengua de catalogación | spa |
| Centro/agencia transcriptor | ICI |
| 041 ## - CÓDIGO DE LENGUA | |
| Código de lengua del texto/banda sonora o título independiente | eng |
| 050 ## - SIGNATURA TOPOGRÁFICA DE LA BIBLIOTECA DEL CONGRESO | |
| Número de clasificación | N6260 A78 1999 |
| 100 ## - ENTRADA PRINCIPAL--NOMBRE DE PERSONA | |
| Nombre de persona | Vrieze, John, |
| Término indicativo de función/relación | autor |
| 9 (RLIN) | 33992 |
| 245 ## - MENCIÓN DE TÍTULO | |
| Título | Islamic art : |
| Resto del título | heavenly art, earthly beauty / |
| Mención de responsabilidad, etc. | text by John Vrieze. |
| 300 ## - DESCRIPCIÓN FÍSICA | |
| Extensión | 24 páginas: |
| Otras características físicas | ilustraciones a color |
| 500 ## - NOTA GENERAL | |
| Nota general | Catálogo de exposición celebrada en Amsterdam del 16 de diciembre de 1999 al 24 de abril de 2000. |
| 504 ## - NOTA DE BIBLIOGRAFÍA, ETC. | |
| Nota de bibliografía, etc. | Incluye referencias bibliográficas. |
| 650 ## - PUNTO DE ACCESO ADICIONAL DE MATERIA--TÉRMINO DE MATERIA | |
| Término de materia o nombre geográfico como elemento de entrada | Arte islámico. |
| 9 (RLIN) | 1975 |
| 650 ## - PUNTO DE ACCESO ADICIONAL DE MATERIA--TÉRMINO DE MATERIA | |
| Término de materia o nombre geográfico como elemento de entrada | Arte musulmán. |
| 9 (RLIN) | 33993 |
| 650 ## - PUNTO DE ACCESO ADICIONAL DE MATERIA--TÉRMINO DE MATERIA | |
| Término de materia o nombre geográfico como elemento de entrada | Arte decorativo islámico. |
| 9 (RLIN) | 33994 |
| 650 ## - PUNTO DE ACCESO ADICIONAL DE MATERIA--TÉRMINO DE MATERIA | |
| Término de materia o nombre geográfico como elemento de entrada | Estética islámica. |
| 9 (RLIN) | 33995 |
| 650 ## - PUNTO DE ACCESO ADICIONAL DE MATERIA--TÉRMINO DE MATERIA | |
| Término de materia o nombre geográfico como elemento de entrada | Civilización islámica. |
| 9 (RLIN) | 33996 |
| 650 ## - PUNTO DE ACCESO ADICIONAL DE MATERIA--TÉRMINO DE MATERIA | |
| Término de materia o nombre geográfico como elemento de entrada | Exposiciones de arte |
| Subdivisión geográfica | Países Bajo, Amsterdam. |
| 9 (RLIN) | 33997 |
| 942 ## - ELEMENTOS DE PUNTO DE ACCESO ADICIONAL (KOHA) | |
| Fuente del sistema de clasificación o colocación | Library of Congress Classification |
| Tipo de ítem Koha | |
| Suprimir en OPAC | 1 |
No items available.